1372 1019 1253 1286 1727 1960 1518 1196 1522 1752 1000 1432 1755 1301 1802 1178 1884 1225 1915 1459 1558 1275 1231 1311 1376 1287 1347 1949 1927 1762 1877 1903 1137 1898 1639 1694 1776 1271 1440 1759 1646 1192 1765 1095 1390 1420 1797 1027 1450 1987 1281 1285 1649 1063 1140 1905 1868 1780 1237 1324 1732 1895 1066 1463 1847 1606 1129 1183 1447 1868 1068 1373 1869 1569 1027 1734 1637 1288 1550 1220 1200 1523 1717 1108 1954 1752 1748 1959 1278 1722 1421 1064 1083 1763 1103 1028 1810 1634 1258 BCNSPRNW ULIB Ver.6.0+V

เปลี่ยนเป็นภาษาไทย

Change to English
 แสดงรายละเอียดบรรณานุกรม
  กลับหน้าหลัก

Brief Record : Get Marc (ISO 2709) : E-mail record : QR code < ปิดหน้าต่าง
LEADER : 00000nam 2200000uu 4500
001    13399111184
003     ULIB
008    110620s2546||||th 000 0 tha d
060 04 WL101^bม32ป 2546
100 0  มีชัย ศรีใส
245 10 ประสาทกายวิภาคศาสตร์ =^bNeuroanatomy /^cมีชัย ศรีใส
246 31 Neuroanatomy
250    พิมพ์ครั้งที่ 4
260    กรุงเทพฯ :^bภาควิชากายวิภาคศาสตร์ คณะแพทยศาสตร์จุฬาลงกรณ์มหาวิทยาลัย,^c2546
300    viii; 525 หน้า :^bภาพประกอบ ;^c27 ซม.
650  2 Neuroanatomy
650  7 ประสาทกายวิภาคศาสตร์
710 2  จุฬาลงกรณ์มหาวิทยาลัย. ^bคณะแพทยศาสตร์.^bภาควิชากายวิภาคศาสตร์
945    ^p390^l0^i14709
945    ^p390^l0^i14708
995    กัณชพร
999    ^aใช้งานได้ทุกระบบ
รายการนี้ยังไม่มีแท็ก
คุณยังไม่ได้ล็อกอิน คุณสามารถมีกิจกรรมร่วมกับเว็บไซต์ได้ แต่ต้องล็อกอินก่อน ::
  ล็อกอิน

รายการสื่อสารสนเทศ

ลำดับที่ ประเภท เลขเรียก/บาร์โค้ด สถานที่ สถานะ
1. วิทยาศาสตร์การแพทย์ และสุขภาพ
วิทยาศาสตร์การแพทย์ และสุขภาพ
WL101 ม32ป 2546 ฉ.2 
  Barcode: 14709
ห้องสมุดวิทยาเขตสวรรค์ประชารักษ์
►ส่วนจัดเก็บหนังสือเก่า สปร
บนชั้น
  ขอยืม

รายการใกล้เคียง
    หัวเรื่อง [Neuroanatomy]
    หัวเรื่อง [ประสาทกายวิภาคศาสตร์]

BibComment


ยังไม่เคยถูกคอมเมนท์

คอมเมนท์ทรัพยากรรายการนี้
  คอมเมนท์: ประสาทกายวิภาคศาส..


 Copyright 2026. Bcnsprnw @Library